أقرب عواصم العالم إلى مسقط - Statistics

الإحصائيات العامة
  • هذا الإختبار تم الخضوع له 142 مره
  • الدرجة المتوسطة هي 9 من 20
إحصائيات الإجابة
كم العاصمة % صحيح
1191 الرياض
96%
1747 صنعاء
89%
719 الدوحة
88%
840 المنامة
82%
1217 مدينة الكويت
82%
1740 بغداد
81%
2392 عمان
76%
418 أبو ظبي
75%
1503 طهران
73%
1954 نيو دلهي
45%
2098 جيبوتي
31%
1602 كابول
25%
2233 أسمرة
14%
2210 طشقند
10%
2030 باكو
7%
1595 عشق أباد
4%
1816 اسلام آباد
3%
1927 دوشانبي
3%
2257 يريفان
2%
2374 تبليسي
1%
No matching quizzes found
توزيع النقاط
نسبة الأشخاص لكل درجة
النسبة وفقا للأرقام
سجل النقاط الخاصة بك
لم تضخع لهذا الإختبار